Χάος και τάξη στα κοινωνικά συστήματα : προσωμοιώσεις κοινωνικής δυναμικής ; το μοντέλο HESIOD
Αποθηκεύτηκε σε:
| Κύριος συγγραφέας: | |
|---|---|
| Μορφή: | Βιβλίο |
| Γλώσσα: | Greek |
| Δημοσίευση: |
Αθήνα :
Παπαζήσης,
2013.
|
| Σειρά: | Πολύπλοκα κοινωνικά συστήματα και κοινωνικά δίκτυα
|
| Θέματα: | |
| Ετικέτες: |
Προσθήκη ετικέτας
Δεν υπάρχουν, Καταχωρήστε ετικέτα πρώτοι!
|
MARC
| LEADER | 00000nam a2200000 a 4500 | ||
|---|---|---|---|
| 001 | 1/118589 | ||
| 008 | 190509s2013####gr | ||| |||| ||gre|| | ||
| 020 | |a 9789600228304 | ||
| 040 | |a GR-MyUa |b gre |c GR-MyUa |e AACR2 | ||
| 041 | 0 | |a gre | |
| 082 | 7 | |a 300.1 |2 (23) | |
| 100 | 1 | |a Κατερέλος, Γιάννης Δ., |d 1964- | |
| 245 | 1 | 0 | |a Χάος και τάξη στα κοινωνικά συστήματα : |b προσωμοιώσεις κοινωνικής δυναμικής ; το μοντέλο HESIOD / |c Γιάννης Δ. Κατερέλος. |
| 260 | |a Αθήνα : |b Παπαζήσης, |c 2013. | ||
| 300 | |a 149 σ. : |b σχήμ., πίν., εικ. ; |c 24 εκ. | ||
| 490 | 1 | |a (Πολύπλοκα κοινωνικά συστήματα και κοινωνικά δίκτυα) | |
| 504 | |a Περιλαμβάνει κατάλογο πινάκων, εικόνων και γραφημάτων | ||
| 504 | |a Βιβλιογραφία : σ. [139]-145. | ||
| 650 | 0 | |a Science and state |x Social aspects. | |
| 650 | 0 | |a Sociology |x Philosophy. | |
| 650 | 0 | |a Social sciences |x Statistical methods |x Mathematical models. | |
| 650 | 0 | |a Chaotic behavior in systems |x Mathematical models. | |
| 830 | 0 | |a Πολύπλοκα κοινωνικά συστήματα και κοινωνικά δίκτυα | |
| 852 | |a INST |b RHODES |c EUDOXUS |e 20190509 |h 300.1 ΚΑΤ |p 005400040697 |q 005400040697 |t EDX |y 0 | ||
| 920 | |a Εύδοξος |b Παραγγελία |y Ρόδος-ΠΤΔΕ |z 2019-05 | ||
| 970 | |z 09-05-2019 | ||